Michael Jackson Songs - Statistics

General Stats
  • This quiz has been taken 2,177 times
    1,950 since last reset
  • The average score is 44 of 100
Answer Stats
Album Answer % Correct
Thriller (1982) Thriller
95%
Bad (1987) Bad
93%
Thriller (1982) Billie Jean
90%
Thriller (1982) Beat It
85%
Bad (1987) Smooth Criminal
84%
Off the Wall (1979) Off the Wall
83%
Dangerous (1991) Dangerous
78%
Off the Wall (1979) Rock With You
77%
Bad (1987) Dirty Diana
73%
Bad (1987) Man in the Mirror
73%
Dangerous (1991) Black or White
72%
Thriller (1982) Human Nature
70%
Thriller (1982) P.Y.T. (Pretty Young Thing)
70%
HIStory: Past, Present and Future, Book I (1995) They Don't Care About Us
69%
HIStory: Past, Present and Future, Book I (1995) Earth Song
68%
Bad (1987) The Way You Make Me Feel
68%
Thriller (1982) Wanna Be Startin' Somethin'
68%
Blood on the Dance Floor: HIStory in the Mix (1997) Blood on the Dance Floor
65%
Off the Wall (1979) Don't Stop 'Til You Get Enough
65%
Dangerous (1991) Remember the Time
65%
Thriller (1982) The Girl Is Mine
65%
Xscape (2014) Chicago
59%
Dangerous (1991) Heal the World
59%
Invincible (2001) Invincible
59%
HIStory: Past, Present and Future, Book I (1995) Scream
59%
Invincible (2001) You Rock My World
59%
Dangerous (1991) Jam
57%
Bad (1987) Liberian Girl
57%
Bad (1987) Leave Me Alone
56%
Dangerous (1991) In the Closet
55%
Bad (1987) Speed Demon
55%
HIStory: Past, Present and Future, Book I (1995) You Are Not Alone
54%
Thriller (1982) Baby Be Mine
52%
HIStory: Past, Present and Future, Book I (1995) History
52%
HIStory: Past, Present and Future, Book I (1995) Stranger in Moscow
51%
Xscape (2014) Xscape
51%
Bad (1987) I Just Can't Stop Loving You
50%
Off the Wall (1979) She's Out of My Life
48%
Thriller (1982) The Lady in My Life
48%
Bad (1987) Another Part of Me
47%
Blood on the Dance Floor: HIStory in the Mix (1997) Ghosts
47%
Off the Wall (1979) Workin' Day and Night
46%
Xscape (2014) Love Never Felt So Good
45%
Invincible (2001) Heaven Can Wait
44%
Dangerous (1991) Who Is It
44%
Off the Wall (1979) Girlfriend
43%
Invincible (2001) Butterflies
41%
Bad (1987) Just Good Friends
40%
Dangerous (1991) Will You Be There
40%
Invincible (2001) Unbreakable
39%
HIStory: Past, Present and Future, Book I (1995) Childhood
38%
Dangerous (1991) Give In to Me
38%
Off the Wall (1979) Get on the Floor
37%
HIStory: Past, Present and Future, Book I (1995) 2 Bad
36%
Off the Wall (1979) Burn This Disco Out
36%
Invincible (2001) 2000 Watts
35%
HIStory: Past, Present and Future, Book I (1995) Money
35%
HIStory: Past, Present and Future, Book I (1995) Tabloid Junkie
35%
Invincible (2001) Break of Dawn
34%
HIStory: Past, Present and Future, Book I (1995) D.S.
34%
Blood on the Dance Floor: HIStory in the Mix (1997) Morphine
34%
Dangerous (1991) Why You Wanna Trip on Me
34%
Xscape (2014) A Place With No Name
33%
HIStory: Past, Present and Future, Book I (1995) Come Together
33%
Invincible (2001) Cry
33%
Off the Wall (1979) I Can't Help It
33%
Xscape (2014) Blue Gangsta
32%
HIStory: Past, Present and Future, Book I (1995) Little Susie / Pie Jisu
32%
Dangerous (1991) She Drives Me Wild
32%
Xscape (2014) Slave to the Rhythm
32%
HIStory: Past, Present and Future, Book I (1995) Smile
32%
Dangerous (1991) Gone Too Soon
31%
Michael (2010) Hollywood Tonight
31%
Dangerous (1991) Keep the Faith
31%
Invincible (2001) Heartbreaker
30%
Michael (2010) Hold My Hand
30%
Off the Wall (1979) It's the Falling in Love
30%
Blood on the Dance Floor: HIStory in the Mix (1997) Is It Scary
29%
Invincible (2001) Speechless
28%
Invincible (2001) Threatened
28%
Dangerous (1991) Can't Let Her Get Away
27%
Blood on the Dance Floor: HIStory in the Mix (1997) Superfly Sister
27%
Invincible (2001) The Lost Children
27%
Invincible (2001) Whatever Happens
27%
Xscape (2014) Loving You
26%
HIStory: Past, Present and Future, Book I (1995) This Time Around
26%
Invincible (2001) Privacy
25%
Single (2009) This Is It
25%
Xscape (2014) Do You Know Where Your Children Are
23%
Invincible (2001) You Are My Life
23%
Michael (2010) Behind the Mask
21%
Invincible (2001) Don't Walk Away
19%
Single (2003) One More Chance
19%
Michael (2010) Best of Joy
18%
Michael (2010) (I Like) The Way You Love Me
18%
Michael (2010) (I Can't Make It) Another Day
16%
Michael (2010) Monster
16%
Michael (2010) Much Too Soon
16%
Michael (2010) Breaking News
14%
Michael (2010) Keep Your Head Up
11%
No matching quizzes found
Score Distribution
Percent of People with Each Score
Percentile by Number Answered
Your Score History
You have not taken this quiz since the last reset